[Event "Athens Smaok-ch"]
[Site "Athens"]
[Date "2007.10.14"]
[Round "5.10"]
[White "Proikas, Georgios"]
[Black "Akrivos, Apostolos"]
[Result "1-0"]
[WhiteElo "1505"]
[BlackElo "1005"]
[PlyCount "51"]
[EventDate "2007.09.12"]
[EventType "swiss"]
[EventRounds "9"]
[EventCountry "GRE"]
[SourceTitle "EXT 2024"]
[Source "ChessBase"]
[SourceDate "2023.10.10"]
[SourceVersion "1"]
[SourceVersionDate "2023.10.10"]
[SourceQuality "1"]

1. e4 e5 2. Nf3 Nc6 3. d4 exd4 4. Nxd4 Nf6 5. Nxc6 bxc6 6. Bg5 Be7 7. Nc3 0-0 8. h4 h6 9. e5 Nh7 10. Bxe7 Qxe7 11. Qd4 d6 12. 0-0-0 Qxe5 13. Qc4 Nf6 14. Qxc6 Bf5 15. Bd3 Bxd3 16. Rxd3 Qe7 17. Re3 Qd7 18. Qxd7 Nxd7 19. Re7 Rfd8 20. Nb5 Kf8 21. Rhe1 Rab8 22. Nxc7 Ne5 23. Nd5 Rb5 24. Nc3 Kxe7 25. Nxb5 Rd7 26. f4 1-0